Historia poczty w Gdyni 1920-1939

Titel: Historia poczty w Gdyni 1920-1939
Verfasser:
In: Rocznik Gdyński, Band 4 (1983), Seite 50-56
alle Artikel anzeigen
Veröffentlicht: 1983 [1984]
Format: Aufsatz
Sprache: Polnisch
Kein Bild verfügbar
X
alg: 39193160
001A    $01999:11-11-16 
001B    $01999:26-04-21 $t20:13:14.000 
001D    $01999:11-11-16 
001U    $0utf8 
001X    $00 
002@    $0Aox 
003@    $0391931601 
007A    $0391931601 $aHEB 
007T    $0Herd22148 
010@    $apol 
011@    $a1983 $n1983 [1984] 
021A    $aHistoria poczty w Gdyni 1920-1939 
027A    $aGeschichte der Post in Gdingen 1920-1939 
028A    $aHejmowski $dKlemens 
031A    $d4 $h50-56 $j1983 
039B    $aIn $8--Abvc--. Rocznik Gdyński. - Gdynia, 1978-. - ISSN 0137-4044 $x198300000040000950 $9090559797 
045F    $a330.094382 $eDDC23BSB 
045F/01 $a330.09 
045F/03 $g4382 
045F/03 $g43832 
046C    $aGeschichte der Post in Gdingen 1920-1939 $bÜbers. des Hauptsacht. 

lok: 39193160 78

exp: 39193160 78 1 #EPN
201B/01 $026-06-18 $t22:53:12.000 
201U/01 $0utf8 
203@/01 $0788027433 
208@/01 $a11-11-16 $be 
209A/01 $a/ $f000 $x00 
220C/01 $aTitelaufnehmer: kl 
244Z/01 $2Trx $#Prusy Wschodnie i Zachodnie $8--Trx--Ost- und Westpreußen $x01 $939113373X 
244Z/01 $#Gdynia $#Gdingen $#Gotenhafen $#Gdingen Gdynia $72011183-6 $8--Tg1--Gdynia $x02 $9042666600 
244Z/01 $aGeschichte 1920-1939 $x03 
244Z/01 $2Trx $#post $#paštas $#postal service $#posta $#poczta $#pošta $#pošta $8--Trx--Post $x04 $9391369814 
244Z/01 $2Trx $8--Trx--Zeitschriftenaufsatz $x05 $9391384341 
245Z/01 $a13.03 $x01 
245Z/01 $a09.05 $x02 
247C/01 $82080>Marburg/Lahn, Herder-Institut, Forschungsbibliothek, Bibliographieportal $9336309341
LEADER 00000caa a22000002c 4500
001 391931601
003 DE-603
005 20210426201314.0
007 tu
008 161111s1983 xx |||| | u00||u|pol c
035 |a (DE-599)HEB391931601 
040 |a DE-603  |b ger  |c DE-603  |d DE-603 
041 |a pol 
082 0 4 |8 1\u  |a 330.094382  |q DE-101  |2 23/BSB 
085 |8 1\u  |b 330.09 
085 |8 1\u  |z 2  |s 4382 
085 |8 1\u  |z 2  |s 43832 
100 1 |a Hejmowski, Klemens 
245 0 0 |a Historia poczty w Gdyni 1920-1939 
246 1 |i Übers. des Hauptsacht.  |a Geschichte der Post in Gdingen 1920-1939 
246 1 3 |a Geschichte der Post in Gdingen 1920-1939 
264 0 |c 1983 [1984] 
773 0 8 |i In  |t Rocznik Gdyński  |d Gdynia, 1978-  |x 0137-4044  |g Band 4 (1983), Seite 50-56  |w (DE-603)090559797  |w (DE-600)2008589-8 
924 0 |9 2080  |a (DE-603)788027433  |b DE-2080  |c HES  |d d  |g /